000 00725nam a22002297a 4500
005 20250401101150.0
008 250401b |||||||| |||| 00| 0 eng d
020 _a978-1-0718-9543-6 (pbk)
037 _cTB
040 _aAL
_cAL
041 _2eng
_aeng
084 _aS:f R3
_qAL
100 _aPrivitera, Gregory J.
_9444993
245 _aResearchmethods for the behavioral sciences
260 _aLos Angeles, USA:
_bSage,
_c2023
300 _axxix, 584p.
365 _b129.00
_cUSD
650 _aPsychology
650 _aResearch Methord
_9751652
942 _2CC
_cTB
_hS:f R3
_n0
999 _c1308312
_d1308312